Statistics for Swiss General Knowledge #4

Click here to take the quiz!

General Stats

  • This quiz has been taken 44 times
  • The average score is 11 of 20

Answer Stats

Hint Answer % Correct
Country to the southItaly
100%
Grosshöchstetten's cantonBern
91%
Famous mountain near ZermattMatterhorn
88%
Number of bordering countriesFive
82%
Montreux's lakeLake Geneva
82%
The Letzigrund is home to these two Swiss soccer clubsFC Zürich
79%
The above, in FrenchLac Léman
64%
The Watch Valley is located in which mountain range?Jura
58%
Road bicycle race through SwitzerlandTour de Suisse
58%
River flowing through the capitalAare
58%
Grasshoppers
52%
Romanshorn's lakeLake Constance
52%
Where the Federal Council housesFederal Palace
48%
The stadium where it happenedWankdorf Stadium
45%
City in the Watch ValleyLa Chaux-de-Fonds
42%
FIFA Final 1954, West Germany 3, Hungary 2Miracle of Bern
36%
Largest railway stationZürich HB
27%
Two ibexes, mascots of GraubündenGian
24%
Last Swiss winner of ^Fabian Cancellara
24%
Giachen
18%

Score Distribution

Percentile by Number Answered

Percent of People with Each Score

Your Score History

You have not taken this quiz